Tuanis opus palo

Gespeichert in:
Bibliographische Detailangaben
1. Verfasser: Yuré, Luis
Format: Buch
Sprache:Undetermined
Veröffentlicht: San José, Costa Rica Editorial No Hubo 2002
Schlagworte:
Tags: Tag hinzufügen
Keine Tags, Fügen Sie den ersten Tag hinzu!

MARC

LEADER 00000nam a2200000Ia 4500
008 170316s9999 xx 000 0 und d
040 |a cru BVZT 
090 |a 868 Y-2t 
100 |a Yuré, Luis 
245 |a Tuanis opus palo 
260 |a San José, Costa Rica 
260 |b Editorial No Hubo 
260 |c 2002 
300 |a 97 páginas 
650 |a LITERATURA COSTARRICENSE 
650 |a POESÍA COSTARRICENSE 
999 |c 11652  |d 11652 
942 |c 15 D  |h 868 Y-2t  |2 z